Esparza: Estado y condición de la vivienda/

Guardado en:
書目詳細資料
Autores Corporativos: Instituto de Fomento y Asesoría Municipal [Costa Rica], Acción Internacional Técnica, División de Acción Internacional
格式: Texto
出版: San José: IFAM. AITEC
標簽: 添加標簽
沒有標簽, 成為第一個標記此記錄!

MARC

LEADER 00000 a a2200000 04500
001 16975
003
040
090 |a 1001 I59e  
110 |a Instituto de Fomento y Asesoría Municipal [Costa Rica]  
245 |a Esparza: Estado y condición de la vivienda/   |c Instituto de Fomento y Asesoría Municipal [Costa Rica]  
260 |a San José:   |b IFAM. AITEC  
300 |a 11 p.  
710 |a Acción Internacional Técnica, División de Acción Internacional  
999 |c 16116  |d 16116